ماية نصيحه و نصيحه للنوم / (رقم التسجيلة. 2894)

تفاصيل مارك
000 -الفاتح
عناصر البيانات ثابتة الطول 00818cam a2200229 i 4500
005 - تاريخ ووقت آخر معاملة
حقل ضبط 20251109091633.0
008 - عناصر البيانات ثابتة الطول
عناصر البيانات ثابتة الطول 250721s1993 ua gr 000 0 ara d
040 1# - مصدر الفهرسة
هيئة الفهرسة الأصلية ara
قواعد الوصف eng
082 14 - رقم تصنيف ديوي العشري
رقم التصنيف 154.6
رقم المادة ل ي و
100 1# - مدخل رئيسي – اسم شخصي
الاسم الشخصي ليون، جوزيت
علاقة الشخص بالعمل/ دوره مؤلف.
245 10 - بيان العنوان
العنوان ماية نصيحه و نصيحه للنوم /
بيان المسؤولية تأليف جوزيت ليون ؛ ترجمة هيثم سرية، عمر النيحاوي.
250 ## - بيان الطبعة
بيان الطبعة الطبعة الأولى.
264 31 - بيانات النشر، التوزيع…إلخ
مكان النشر، التوزيع...إلخ القاهرة :
اسم الناشر، الموزع...إلخ دار الكتاب العربي،
تاريخ النشر، التوزيع...إلخ 1993.
300 ## - الوصف المادي
عدد الوحدات المكونة للوعاء 280 صفحة.
650 17 - مدخل إضافي بالموضوع - مصطلح موضوعي
مصطلح موضوعي أو اسم جغرافي كعنصر مدخل الفلسفة.
650 17 - مدخل إضافي بالموضوع - مصطلح موضوعي
مصطلح موضوعي أو اسم جغرافي كعنصر مدخل علم النفس.
650 17 - مدخل إضافي بالموضوع - مصطلح موضوعي
مصطلح موضوعي أو اسم جغرافي كعنصر مدخل النوم.
700 1# - مدخل إضافي - اسم شخصي
الاسم الشخصي سريه، هيثم
علاقة الشخص بالعمل/ دوره مترجم.
700 1# - مدخل إضافي - اسم شخصي
الاسم الشخصي النيحاوي،عمر
علاقة الشخص بالعمل/ دوره مترجم.
942 ## - بيانات إضافية (كوها)
نوع التنصيف Dewey Decimal Classification
نوع المادة (كوها) كتب
المقتنيات
حالة السحب حالة الفقدان مصدر التصنيف حالة التلف غير قابل للإعارة المكتبة الرئيسية المكتبة الحالية موقع الرف تاريخ التزويد الرقم المتسلسل Total Checkouts رقم الإستدعاء الباركود تاريخ آخر ظهور تاريخ الفاتورة نوع المادة (كوها)
    Dewey Decimal Classification     المكتبة المركزية المكتبة المركزية الإعارة 06/07/2004 320831   154.6 / ل ي و 320831 28/07/2025 06/07/2004 كتب
Implemented & Customized by: BBB with SCIT (Smart Chains for Information Technology)

Powered by Koha